Mission possible / (Record no. 6412)
[ view plain ]
| 000 -LEADER | |
|---|---|
| fixed length control field | 00662pam a2200253 i 4500 |
| 001 - CONTROL NUMBER | |
| control field | 1119563 |
| 003 - CONTROL NUMBER IDENTIFIER | |
| control field | OSt |
| 005 - DATE AND TIME OF LATEST TRANSACTION | |
| control field | 20190116192610.0 |
| 008 - FIXED-LENGTH DATA ELEMENTS--GENERAL INFORMATION | |
| fixed length control field | 741108s1975 nju 000 0aeng |
| 010 ## - LIBRARY OF CONGRESS CONTROL NUMBER | |
| LC control number | 74026808 |
| 020 ## - INTERNATIONAL STANDARD BOOK NUMBER | |
| International Standard Book Number | 0800707176 |
| 040 ## - CATALOGING SOURCE | |
| Original cataloging agency | DLC |
| Transcribing agency | DLC |
| Modifying agency | m.c. |
| -- | BSC |
| 043 ## - GEOGRAPHIC AREA CODE | |
| Geographic area code | ee----- |
| 082 ## - DEWEY DECIMAL CLASSIFICATION NUMBER | |
| Classification number | 266 |
| Item number | K92m |
| 092 ## - LOCALLY ASSIGNED DEWEY CALL NUMBER (OCLC) | |
| Classification number | 266.00924 |
| Item number | N381m |
| 100 1# - MAIN ENTRY--PERSONAL NAME | |
| Personal name | Kristian, Hans. |
| 245 10 - TITLE STATEMENT | |
| Title | Mission possible / |
| Statement of responsibility, etc. | Hans Kristian, with Dave Hunt. |
| 260 ## - PUBLICATION, DISTRIBUTION, ETC. | |
| Place of publication, distribution, etc. | Old Tappan, N.J. : |
| Name of publisher, distributor, etc. | Revell, |
| Date of publication, distribution, etc. | [1975] |
| 300 ## - PHYSICAL DESCRIPTION | |
| Extent | 191 p. ; |
| Dimensions | 21 cm. |
| 600 10 - SUBJECT ADDED ENTRY--PERSONAL NAME | |
| Personal name | Kristian, Hans. |
| 650 #0 - SUBJECT ADDED ENTRY--TOPICAL TERM | |
| Topical term or geographic name entry element | Evangelistic work |
| Geographic subdivision | Europe, Eastern. |
| 700 1# - ADDED ENTRY--PERSONAL NAME | |
| Personal name | Hunt, Dave. |
| 942 ## - ADDED ENTRY ELEMENTS (KOHA) | |
| Source of classification or shelving scheme | Dewey Decimal Classification |
| Koha item type | Books |
| Withdrawn status | Lost status | Source of classification or shelving scheme | Damaged status | Not for loan | Collection code | Home library | Current library | Shelving location | Date acquired | Cost, normal purchase price | Total Checkouts | Full call number | Barcode | Date last seen | Price effective from | Koha item type |
|---|---|---|---|---|---|---|---|---|---|---|---|---|---|---|---|---|
| Dewey Decimal Classification | Non-fiction | Harvest Mission College | Harvest Mission College | General Stacks | 16.01.2019 | 150.00 | 266 K92m | 007433 | 16.01.2019 | 16.01.2019 | Books |
